000 00880cam a22002777a 4500
001 16295358
005 20180118045800.0
008 100621s2012 scua 001 0 eng
010 _a 2010931078
020 _a9781932628838 (student textbook)
020 _a1932628835 (student textbook)
020 _a9781932628845 (student textbook and software bundle)
020 _a1932628843 (student textbook and software bundle)
035 _a(OCoLC)ocn785430266
040 _aSGG
_cSGG
_dDLC
041 _aeng
042 _alccopycat
080 _a510
082 _2510 WRI
100 1 _a36
101 _aMAT
245 1 0 _aDevelopmental mathematics /
_cD. Franklin Wright.
906 _a7
_bcbc
_ccopycat
_d2
_encip
_f20
_gy-gencatlg
942 _2ddc
_cBK
999 _c40454
_d40454